000 00654cam a22002171a 4500
001 ne 67000205
003 DLC
005 20260227111829.0
008 920721s1965 le 000 0 arar
010 _ane 67000205
035 _a(OCoLC)26226729
040 _aDLC
_cUU
_dDLC
050 0 0 _aBP166
_b.F3
100 1 _aFandalāwī, Yūsuf ibn Dūnās,
_d-1148 or 1149.
245 1 0 _aFatwá al-Fandalāwī wa-qiṣṣatuhā /
_cJawād al-Murābiṭ.
250 _aal-Ṭaʻbah 1
260 _aBayrūt :
_bDār al-Kitāb al-Jadīd,
_c1965
300 _a60 p. ;
_c25 cm.
650 0 _aIslam
_xDoctrines
_vEarly works to 1800.
700 1 _aMurābiṭ, Jawād.
999 _c49355
_d49355